01099nam a2200265 i 4500001000400000100002300004245011600027250001700143260003700160300003200197490006600229500009900295500002000394504002400414650005900438650004700497650002300544700002400567830006600591020002100657040000800678041000800686008004100694856009800735bgj1 aBAUDAINS, Richard.10aAlternatives :bgames, exercises and conversations for the language classroom /cRichard and Marjorie Baudains. a[3rd impr.]. aHarlow, Essex :bLongman,c1991. aIX, 65 pp :bfig. ;c25 cm.1 aPilgrims Longman resource books / [ed. by] Seth Lindstromberg aThis book is produced in assoc. with Pilgrims Language Courses Limited of Canterbury, England. a1st publ. 1990. aBibliography p. 65. 9aEnglish languagexStudy and teachingxForeign speakers 9aActivity programmes in educationxLanguage 9aGames in education1 aBAUDAINS, Marjorie. 0aPilgrims Longman resource books ([ed. by] Seth Lindstromberg) a0582037670 (pbk) cBPK0 aeng s uk f |000 0 eng  uhttp://koha.tu.koszalin.pl/cgi-bin/koha/opac-detail.pl?biblionumber=47741yKatalog online BPK